Afghanistan History Quiz - Statistics

General Stats
  • This quiz has been taken 17 times
  • The average score is 11 of 13
Answer Stats
Question Answer % Correct
Religion that spread to Afghanistan in the Medieval Era Islam
100%
Trade route that went through Afghanistan Silk Road
100%
Brutal empire which conquered Afghanistan in 1219AD Mongol Empire
93%
Ideology of Afghanistan from 1978-1992 Communism
86%
Leader of that empire Genghis Khan
86%
Name of organisation which took over Afghanistan in 2021 The Taliban
86%
Country that invaded Afghanistan in 2001 United States of America
86%
Leader of that empire Alexander the Great
79%
Colonial empire which tried to conquer Afghanistan in 1839 but failed British Empire
79%
Ancient civilisation in Afghanistan, Pakistan and India Indus River Valley Civilisation
79%
Persian empire that conquered Afghanistan in ~600BC Achaemenid Empire
71%
Greek empire that controlled Afghanistan for a brief period Macedonian Empire
71%
Afghan empire which lasted from 1747-1823 Durrani Empire
57%
No matching quizzes found
Score Distribution
Percent of People with Each Score
Percentile by Number Answered
Your Score History
You have not taken this quiz